000 00667cam a22002055a 4500
001 ##J100655
008 000000s1894 xxk 000 0 eng u
035 _a(Sirsi) u100713
041 0 _aeng
050 0 4 _a634.9 $2 18
110 2 _aSurveyors' Institution
_93783
245 0 0 _aCatalogue of the forestry collection of the Surveyors' Institution
_bApril 1894
260 _aLondon
_bSurveyors' Institution
_c1894
300 _a1
_fv.
_c24cm.
520 _aCatalogue bound into a ruled exercise book.
650 2 4 _aRICS FORESTRY COLLECTION
651 4 _aGreat Britain
_y
690 _aENVIRONMENTAL AND LAND CONSULTANCY-FORESTRY AND WOODLAND MANAGEMENT
942 _n0
999 _c99770
_d99770